000
00463nam a2200145Ia 4500
008
100122s9999 xx 000 0 und d
082
_b
40918
_a
823
100
_a
चिणे पुष्पा
245
_a
भेटीलागी जीवा
260
_b
राजंेद्र पब्लिकेशन
_c
1987
300
_a
271
630
_a
भेटीलागी जीवा
730
_a
भेटीलागी जीवा
942
_c
BOOK
999
_c
421701
_d
421698